Quizzes
Events
Quiz Creation
Community
Videos
Private Events
Remove Ads
Sign In
Join for FREE
Feedback
Dark Mode
Quiz Categories
Sports
Geography
Music
Movies
Television
Just For Fun
Miscellaneous
History
Literature
Language
Science
Gaming
Entertainment
Religion
Holiday
For Kids
Quiz Lab
Recent
Popular Today
Quiz Kudos Today
Editor Picks
Curator Picks
Quizzes by...
Day
Popularity
Type
Ratings
Length
Year
Community
Subscriptions
Recent Discussions
Orange Saloon
Badges
Playlists
Quests
Create
Leaderboards
Showdown
Live 5
Trivia Bingo
Activity
Puzzle Library
Sporcle Events
Private Events
Virtual Trivia
Globe League
Become a Host
Pub Owners
SporcleCon
Opinionation
Our Games
Videos
Blog
Mobile Apps
Partnerships
Remove Ads and Go Orange
Feedback
Science
Computer
Plants
Astronomy
Chemistry
Elements
Math
Animal
Physics
Anatomy
Biology
Geology
General Science
Science
Computer
Plants
Astronomy
Chemistry
Elements
Math
Animal
Physics
Anatomy
Biology
Geology
General Science
Random Quiz
Search Sporcle
×
Editor Pick
Editor Pick
Science
Animal
Type in answers that appear in a list
Type in answers that appear in a list
Classic
Best Score? Go Orange.
Bird Name Challenge Stats
Can you name the type of bird from the species names?
By
jacana
10m
30 Questions
749 Plays
749 Plays
749 Plays
Comments
Comments
Give Quiz Kudos
Give Quiz Kudos
-
- Ratings
hide this ad
More Info
Random Order
Randomize order of answers
Randomize order of answers
Replay
Link that replays current quiz
Next Quiz
Link to next quiz in quiz playlist
You Got
0%
They Got
Avg Score
57%
Avg Friend Score
Upgrade to see
Score Distribution
Jump to the score distribution portion of the page
Score
0/30
Timer
10:00
0
Plays Today
Species
Answer
% Correct
Bald, Bonelli's, Golden & Martial
Eagle
85.2%
Chinstrap, Emperor, Galapagos & Macaroni
Penguin
82.2%
Barred, Burrowing, Long-
eared & Ural
Owl
81.3%
Harlequin, Mandarin, Ruddy & Wood
Duck
79.8%
Barnacle, Canada, Greylag & Pink-
footed
Goose
77.1%
African Grey, Ground, Night & Orange-
cheeked
Parrot
75.8%
Fox, House, Song & Vesper
Sparrow
72.9%
Barn, Red-
rumped, Tree & Violet Green
Swallow
69.3%
Inca, Mourning, Rock & Stock
Dove
67.5%
Acorn, Great Slaty, Great Spotted & Pileated
Woodpecker
67.2%
Amur, Eleonora's, Gyr & Prairie
Falcon
66.4%
Carrion, Fish, Hooded & Large-
billed
Crow
65.9%
Demoiselle, Red-
crowned, Sandhill & Sarus
Crane
61.8%
Audouin's, Bonaparte's, Great Black-
backed & Ross'
Gull
61%
Allen's, Anna's, Costa's & Xantus'
Hummingbird
55.7%
Species
Answer
% Correct
Cactus, Canyon, House & Winter
Wren
53.2%
Black, Jabiru, Painted, & Yellow-
billed
Stork
51.7%
Black-
browed, Laysan, Wandering & Waved
Albatross
51.2%
Eyebrowed, Mistle, Song & Swainson's
Thrush
50.9%
Blackburnian, Cerulean, Marmora's & Subalpine
Warbler
46.4%
Blood, Golden, Lady Amherst's & Mikado
Pheasant
45.1%
Bimaculated, Horned, Sky & Thekla
Lark
44.9%
Clark's, Great-
crested, Pied-
billed & Red-
necked
Grebe
44.8%
Black-
winged, Brahminy, Mississippi & Swallow-
tailed
Kite
43%
Caspian, Kentish, Kittlitz's & Semipalmated
Plover
38.9%
African Paradise, Hammond's, Scissor-
tailed & Spotted
Flycatcher
38.4%
Black-
headed, Cirl, Ortolan & Pallas' Reed
Bunting
37.6%
African Emerald, Black-
billed, Mangrove & Yellow-
billed
Cuckoo
36.4%
Baird's, Purple, Semipalmated & Solitary
Sandpiper
36.4%
Clapper, King, Slaty-
breasted & Water
Rail
32.8%
Quiz Playlist
Details
Report
Send in Message
Add To Playlist
More Info:
Give the generic name for each group of birds. For example the answer to "Great Blue, Little Blue, Purple & Tricolored" would be "Heron".
Classic:
Type in answers that appear in a list
Random Order:
Randomize order of answers
Last Updated: Feb 16, 2017
Editor Pick in
Science
Quiz Scoreboard
CHALLENGE
Sign Up to Join the Scoreboard
Show All
Scores
Hide
Comments
May contain spoilers
Recently Published
Billboard Blitz: Fleetwood Mac
by CooCooCachoo
Music
15s
Presidents Visiting Landmarks
by Hejman
History
7m
An Introduction to Baseball
by treessimontrees
Sports
5m
More to Explore
Quiz From the Vault
Featured Blog Post
Where Did the Easter Bunny Come From?
hide this ad
You Might Also Like...
Tags
Animal Quiz
bird
name
species
Wildlife
Today's Top Quizzes in Science
Browse Science
hide this ad
Today's Top Quizzes in Animal
Browse Animal
Top Contributed Quizzes in Science
1
Quick Pick: Radians
2
Quick Pick: 'CI-CJ' Animals
3
The First 100 Digits of Pi
4
Elements In Images
5
Name the Acid, Base or Salt
6
One Thing in Common: Science
7
Science Jokes
8
One Thing in Common: Science III
9
One Thing in Common: Animals
10
One Thing in Common: Science II
Explore More
Trending Topics
Harry Potter
NBA
Disney
Crossword
Anime
Kpop
Marvel
Puzzle
The Office
Country
WWE
Pokémon
NFL
Song
Soccer
hide this ad
More By:
jacana
Quiz
Plays
Rating
Category
Featured
Created
Countries Visited by Queen Elizabeth II
97,221
4.53
Geography
Jan 29, 2011
English Counties Border Blitz
77,849
4.38
Geography
Mar 21, 2011
Top UK Settlements By Letters Contained
53,860
4.59
Geography
May 24, 2012
EU Surrounded Countries
45,346
4.69
Geography
Mar 15, 2013
Top 20 Cities of Thailand on a Map
23,547
4.36
Geography
Jul 20, 2014
Go to Creator's Profile
Score Distribution
Quiz Creator Spotlight
jacana
Follow
Send a Message
Quizzes Created
-
Created Quiz Play Count
-
More By This Creator
Popular Quizzes Today
1
Find the US States - No Outlines Minefield
2
Find the Countries of Europe - No Outlines Minefield
3
The Countries of the World
4
Find the US States
5
Risky Map Clicking: Biggest States A-Z
6
US States
7
Popular People in 1961
8
Movies - When Are They Set?
More Science Quizzes
5x2 Blitz: Physics
Published
Trending Quizzes
Risky Map Clicking: Least Populous States A-Z
1-10 Letter G Words
1-10 Letter F Words
Risky Map Clicking: Next State Alphabetically
Risky Map Clicking: Biggest States A-Z
Recently Updated
Leaping Animals
pecheneg
Reality TV Shows (A-Z)
bhenderson79
Rickey Henderson's Hall of Fame Teammates
pecheneg
Champions League XIs: Arsenal
pecheneg
Quick Pick: Celebrities in WWE's Hall of Fame
aduchscher
A-Z Keypad Blitz II
pecheneg
Multiple Oscar Actors
pecheneg
Mystery Phrase Blitz: Oscar 'Best Actors'
pecheneg
F. Scott Fitzgerald Novels
LTH
Pick 3 Villains
ddd62291
Trending Topics
Disney
Marvel
Kpop
Crossword
Anime
Harry Potter
NBA
The Office
Song
Soccer
WWE
NFL
Puzzle
Country
Pokémon
Your Account Isn't Verified!
In order to create a playlist on Sporcle, you need to verify the email address you used during registration. Go to your
Sporcle Settings
to finish the process.
Report this User
Report this user for behavior that violates our
Community Guidelines
.
Details:
Send Report
Go to the Sporcle.com Mobile Site →
Comments